LDR 01086naa#a2200181#i#450# 001 RU\\bibl\120521 005 20260418011325.6 011 ## _a2073-5537 100 ## _a20260416b2026####ek#y0rusy0150####ca 102 ## _aRU 200 1# _aКонцептуальный подход к формированию критериев определения приоритетных направлений научно-технического развития экономики _eЖурнальная статья 210 1# _aАстрахань _cАстраханский государственный технический университет _d2026 215 ## _a7 с. 608 ## _aЖурнальная статья _2local 675 ## _aДинамика народного хозяйства. Экономическое развитие. 330.3 _aРегиональная экономика. Территориальная экономика. 332.1 _z 700 #1 _aДевятков _gАлександр Валерьевич 700 #1 _aЕрыгин _gЮрий Владимирович 856 4# _avestnik.astu.org _u